| 000 | 01358cam a2200253 4500 | ||
|---|---|---|---|
| 001 | D15056 | ||
| 008 | 090401t1986 xxu||||| |||| 00| 0 eng d | ||
| 035 | _a(Sirsi) u19954 | ||
| 041 | _aeng | ||
| 050 | _a331.712 | ||
| 090 | _aRICS 1986/4ABC | ||
| 110 |
_aRoyal Institution of Chartered Surveyors _94900 |
||
| 245 | _aAnnual conference: professions in crisis, Cardiff, 16 - 18 March 1986 | ||
| 260 |
_aLondon _bSurveyors` Technical Services _c1986 |
||
| 350 | _a0 | ||
| 520 | _aAttendance list; 7 papers; Filed in box 1986/4 ABC. The challenge to the profession by Lord Young of Graffham / The challenge to the profession: a chartered surveyor`s response by William Wells / The duty of care: the challenge of professional repsonsibility by Sir Arthur Hoole / Management and financing of surveying practices: Management of surveying practices by John Harrison / Partnership financing by Maurice Parry-Wingfield / Construction management, US inspiration for QS diversification by M.R. Morris / The creative management of the public estate by G.E. Touchard / Job creation: the challenge to the chartered surveyor by G.P. Furlong and D.J. Clowes. | ||
| 650 | _aABOUT RICS-RICS MEMBERS | ||
| 650 | _aOPERATIONAL PROPERTY | ||
| 650 | _aPROFESSIONS | ||
| 650 | _aPROPERTY ASSETS | ||
| 650 | _aQUANTITY SURVEYORS | ||
| 942 | _n0 | ||
| 948 | _c04/03/1997 | ||
| 999 |
_c87736 _d87736 |
||